Quizzes
Events
Quiz Creation
Community
Videos
Private Events
Remove Ads
Sign In
Join for FREE
Feedback
Dark Mode
Quiz Categories
Sports
Geography
Music
Movies
Television
Just For Fun
Miscellaneous
History
Literature
Language
Science
Gaming
Entertainment
Religion
Holiday
For Kids
Quiz Lab
Recent
Popular Today
Quiz Kudos Today
Editor Picks
Curator Picks
Quizzes by...
Day
Popularity
Type
Ratings
Length
Year
Community
Subscriptions
Recent Discussions
Orange Saloon
Badges
Playlists
Quests
Create
Leaderboards
Showdown
Live 5
Trivia Bingo
Activity
Puzzle Library
Sporcle Events
Private Events
Virtual Trivia
Globe League
Become a Host
Pub Owners
SporcleCon
Opinionation
Our Games
Videos
Blog
Mobile Apps
Partnerships
Remove Ads and Go Orange
Feedback
Sports
Athletes
MLB
NBA
NHL
NFL
Soccer
Sports Teams
WWE
NCAA
Football
Premier League
Basketball
Baseball
Hockey
Golf
Tennis
Cricket
Rugby
Auto Racing
Olympics
World Cup
Sports
Athletes
MLB
NBA
NHL
NFL
Soccer
Sports Teams
WWE
NCAA
Football
Premier League
Basketball
Baseball
Hockey
Golf
Tennis
Cricket
Rugby
Auto Racing
Olympics
World Cup
Random Quiz
Search Sporcle
×
Quiz Lab
Quiz Lab
Sports
Bowl
Type in answers that appear in a list
Type in answers that appear in a list
Classic
Best Score? Go Orange.
Major Bowl Teams(1950s) Stats
Can you name the teams that played in major 1950s bowls
By
JRNeymar
10m
80 Questions
258 Plays
258 Plays
258 Plays
Comments
Comments
Give Quiz Kudos
Give Quiz Kudos
-
- Ratings
hide this ad
Replay
Link that replays current quiz
Next Quiz
Link to next quiz in quiz playlist
You Got
0%
They Got
Avg Score
92%
Avg Friend Score
Upgrade to see
Score Distribution
Jump to the score distribution portion of the page
Score
0/80
Timer
10:00
0
Plays Today
Year
Team
% Correct
1952
Southern California
99.6%
1953
UCLA
99.6%
1954
Southern California
99.6%
1955
UCLA
99.6%
1950
Texas
99.2%
1950
Michigan
99.2%
1952
Texas
99.2%
1952
Alabama
99.2%
1953
Alabama
99.2%
1957
Texas
99.2%
1959
Texas
99.2%
1950
Oklahoma
98.8%
1953
Oklahoma
98.8%
1955
Oklahoma
98.8%
1957
Oklahoma
98.8%
1958
Oklahoma
98.8%
1954
Ohio State
98.4%
1957
Ohio State
98.4%
1953
Michigan State
97.3%
1955
Michigan State
97.3%
1958
Louisiana State
97.3%
1959
Georgia
97.3%
1959
Louisiana State
97.3%
1957
Oregon
96.5%
1952
Mississippi
96.1%
1954
Mississippi
96.1%
1955
Mississippi
96.1%
1957
Mississippi
96.1%
1959
Mississippi
96.1%
1952
Wisconsin
95.7%
1959
Washington
95.7%
1959
Wisconsin
95.7%
1950
Tennessee
94.6%
1951
Stanford
94.6%
1951
Tennessee
94.6%
1952
Tennessee
94.6%
1956
Iowa
94.6%
1956
Tennessee
94.6%
1958
Iowa
94.6%
1951
Illinois
93.8%
Year
Team
% Correct
1954
Arkansas
93.4%
1956
Oregon State
93.4%
1950
California
93%
1952
Syracuse
93%
1956
Syracuse
93%
1958
Syracuse
93%
1958
California
93%
1959
Syracuse
93%
1954
Nebraska
92.6%
1951
Maryland
92.2%
1953
Maryland
92.2%
1955
Maryland
92.2%
1956
Colorado
91.5%
1951
Georgia Tech
90.7%
1952
Georgia Tech
90.7%
1953
Georgia Tech
90.7%
1954
Georgia Tech
90.7%
1955
Georgia Tech
90.7%
1950
Kentucky
90.3%
1951
Kentucky
90.3%
1951
Texas Christian
89.1%
1954
Navy
89.1%
1955
Texas Christian
89.1%
1956
Texas Christian
89.1%
1957
Navy
89.1%
1958
Texas Christian
89.1%
1950
Clemson
86.8%
1956
Clemson
86.8%
1958
Clemson
86.8%
1950
Miami(FL)
85.7%
1954
Duke
85.3%
1957
Duke
85.3%
1955
Pittsburgh
84.9%
1951
Baylor
84.5%
1956
Baylor
84.5%
1959
Missouri
81.8%
1953
West Virginia
77.5%
1953
Rice
76%
1957
Rice
76%
1958
Air Force
58.1%
Quiz Playlist
Details
Report
Send in Message
Add To Playlist
Classic:
Type in answers that appear in a list
Last Updated: Feb 16, 2017
Quiz Scoreboard
CHALLENGE
Sign Up to Join the Scoreboard
Show All
Scores
Hide
Comments
May contain spoilers
Recently Published
An Introduction to Baseball
by treessimontrees
Sports
5m
Movies - When Are They Set?
by FPL_Elf
Movies
5m
Popular People in 1961
by mucciniale
History
6m
More to Explore
Quiz From the Vault
Featured Blog Post
Where Did the Easter Bunny Come From?
hide this ad
You Might Also Like...
Tags
1950
Bowl
major
team
Today's Top Quizzes in Sports
Browse Sports
hide this ad
Today's Top Quizzes in Bowl
Browse Bowl
Top Contributed Quizzes in Sports
1
Les meilleurs buteurs des matchs entre le PSG et l’OM
2
2022 World Cup Stars
3
FIFA Club World Cup Champions
4
Les entraîneurs de l'OM et du PSG au 21e siècle
5
Name the Premier League winners with different clubs
6
La finale Lions - Afrique du Sud 2021
7
Les joueurs passés par le LOSC et le RC Lens
8
Criteria MLB: Left Handed Sluggers
9
Players with Multiple 50 Home Run Seasons
10
5-to-1: UK Sports Teams
Explore More
Trending Topics
NBA
Disney
Crossword
Anime
Marvel
Kpop
Harry Potter
WWE
Puzzle
Song
NFL
Soccer
Country
The Office
Pokémon
hide this ad
More By:
JRNeymar
Quiz
Plays
Rating
Category
Featured
Created
Major Bowls Teams(1970s)
578
4.63
Sports
Jan 22, 2016
Big 10 Logic Puzzle
523
3.00
Sports
Feb 10, 2016
Largest Cities in US Ecoregions
511
5.00
Geography
Aug 17, 2022
Major Bowl Teams(1960s)
342
3.33
Sports
Jan 23, 2016
3 Big Cities
328
5.00
Geography
Jan 19, 2015
Go to Creator's Profile
Score Distribution
Quiz Creator Spotlight
JRNeymar
Follow
Send a Message
Quizzes Created
-
Created Quiz Play Count
-
More By This Creator
Popular Quizzes Today
1
Find the Countries of Europe - No Outlines Minefield
2
Find the US States - No Outlines Minefield
3
The Countries of the World
4
Popular People in 1961
5
US States
6
Find the US States
7
1-10 Letter E Words III
8
Risky Map Clicking: Biggest States A-Z
More Sports Quizzes
2019 MLB League Leaders (Batting)
Quiz Lab
Trending Quizzes
Risky Map Clicking: Least Populous States A-Z
1-10 Letter F Words
1-10 Letter G Words
One Thing in Common: United Kingdom
Risky Map Clicking: Next State Alphabetically
Recently Updated
Leaping Animals
pecheneg
Reality TV Shows (A-Z)
bhenderson79
Rickey Henderson's Hall of Fame Teammates
pecheneg
Champions League XIs: Arsenal
pecheneg
Quick Pick: Celebrities in WWE's Hall of Fame
aduchscher
A-Z Keypad Blitz II
pecheneg
Multiple Oscar Actors
pecheneg
Mystery Phrase Blitz: Oscar 'Best Actors'
pecheneg
F. Scott Fitzgerald Novels
LTH
Pick 3 Villains
ddd62291
Trending Topics
Crossword
Marvel
Disney
Kpop
Anime
Harry Potter
NBA
NFL
Country
WWE
Soccer
Pokémon
Puzzle
The Office
Song
Your Account Isn't Verified!
In order to create a playlist on Sporcle, you need to verify the email address you used during registration. Go to your
Sporcle Settings
to finish the process.
Report this User
Report this user for behavior that violates our
Community Guidelines
.
Details:
Send Report
Go to the Sporcle.com Mobile Site →
Comments